Introduction to operations research (Record no. 178157)
[ view plain ]
| 000 -LEADER | |
|---|---|
| fixed length control field | 00506nam a2200193Ia 4500 |
| 008 - FIXED-LENGTH DATA ELEMENTS--GENERAL INFORMATION | |
| fixed length control field | 231217s9999 xx 000 0 und d |
| 020 ## - INTERNATIONAL STANDARD BOOK NUMBER | |
| International Standard Book Number | 70600929 |
| 041 ## - LANGUAGE CODE | |
| Language code of text/sound track or separate title | English |
| 082 ## - DEWEY DECIMAL CLASSIFICATION NUMBER | |
| Classification number | 001.424 HIL1;4 R |
| 100 ## - MAIN ENTRY--PERSONAL NAME | |
| Personal name | Hillier, Frederick SLieberman, Gerald J |
| 245 #0 - TITLE STATEMENT | |
| Title | Introduction to operations research |
| 250 ## - EDITION STATEMENT | |
| Edition statement | 8th ed. |
| 260 ## - PUBLICATION, DISTRIBUTION, ETC. | |
| Date of publication, distribution, etc. | 2005 |
| Name of publisher, distributor, etc. | TMH |
| Place of publication, distribution, etc. | New Delhi |
| 300 ## - PHYSICAL DESCRIPTION | |
| Extent | xxxi+1061 |
| 300 ## - PHYSICAL DESCRIPTION | |
| Dimensions | CD2842 |
| 500 ## - GENERAL NOTE | |
| General note | Content page available |
| 650 ## - SUBJECT ADDED ENTRY--TOPICAL TERM | |
| Topical term or geographic name entry element | operations,research |
| 942 ## - ADDED ENTRY ELEMENTS (KOHA) | |
| Koha item type | Books |
| Date last seen | Total checkouts | Full call number | Accession number | Uniform resource identifier | Cost, total (INR) price | Price effective from | Category | Lost status | Damaged status | Department | Withdrawn status | Home library | Current library | Shelving location | Entry date | Vendor | Cost, normal purchase price | Grants | Billnumber | Billdate | Currency symbol | Conversion rate | Discount | Old discount |
|---|---|---|---|---|---|---|---|---|---|---|---|---|---|---|---|---|---|---|---|---|---|---|---|---|
| 26/01/2024 | 001.424 HIL1;4 R | 43060 | digital/contents/47480.pdf | 360.00 | 26/01/2024 | Books | Central Library | Central Library | Central Library | Library Annex | 22/09/2006 | Allied publ. | 450.00 | MATHS | 3999 | 28/08/2008 | RS | 1 | 90 | 20 | ||||
| 26/01/2024 | 001.424 HIL1;5 R1 | 43061 | digital/contents/47480.pdf | 360.00 | 26/01/2024 | Books | Central Library | Central Library | Central Library | Library Annex | 22/09/2006 | Allied publ. | 450.00 | MATHS | 3999 | 28/08/2008 | RS | 1 | 90 | 20 |
